Normal view
MARC view
- Mohsin,Zara, & Janjua,Waleed
Entry Personal Name
001 - CONTROL NUMBER
- control field: 5140
003 - CONTROL NUMBER IDENTIFIER
- control field: NUST
005 - DATE AND TIME OF LATEST TRANSACTION
- control field: 20171002155723.0
008 - FIXED-LENGTH DATA ELEMENTS
- fixed length control field: 171002|| aca||aabn | a|a d
040 ## - CATALOGING SOURCE
- Original cataloging agency: NUST
- Transcribing agency: NUST
100 ## - HEADING--PERSONAL NAME
- Personal name: Mohsin,Zara, & Janjua,Waleed
670 ## - SOURCE DATA FOUND
- Source citation: Work cat.: (NUST): Mohsin,Zara, & Janjua,Waleed, Folktales & legends, 2016
